[Event "XII. DBMM Schach"]
[Site "Berlin"]
[Date "2012.10.11"]
[Round "2.3"]
[White "Busch, Klaus"]
[Black "Kretzschmar, Jan"]
[Result "1-0"]
[WhiteElo "1790"]
[BlackElo "1664"]
[Annotator "rg"]
[PlyCount "129"]
[EventDate "2012.??.??"]
[WhiteTeam "Baubehörde Hamburg 2"]
[BlackTeam "Team DBMM Berlin"]

1. c4 Nf6 2. g3 e6 3. Bg2 d5 4. Nf3 c6 5. b3 Nbd7 6. Bb2 Qb6 7. cxd5 exd5 8.
O-O Bd6 9. Nc3 O-O 10. Na4 Qc7 11. d4 Re8 12. e3 Ne4 13. Rc1 Ndf6 14. Nc3 Bg4
15. h3 Nxc3 16. Bxc3 Bf5 17. Nh4 Bd7 18. Qd3 Qc8 19. Kh2 Ne4 20. f4 Qd8 21. Nf3
f6 22. Nd2 Bf5 23. Nxe4 Bxe4 24. Bxe4 Rxe4 25. Rce1 Qc7 26. Kg2 Rae8 27. Rf3
Qb6 28. Rd1 Bb4 29. Kf2 Qa5 30. Bxb4 Qxb4 31. Qd2 Qe7 32. Qd3 a5 33. Rc1 Qa3
34. Qd2 a4 35. bxa4 Qxa4 36. Rc2 Ra8 37. g4 Qa3 38. Rb2 Ra7 39. Kg3 Qe7 40. Kf2
Ra3 41. Rb3 Rxb3 42. axb3 Qa3 43. Qc2 Qa1 44. Kg2 Qe1 45. Qf2 Qb1 46. g5 f5 47.
g6 h6 48. Qh4 Re8 49. Qf2 Re4 50. Qh4 Re8 51. Qf2 Qxb3 52. e4 Qd1 53. e5 Ra8
54. Qe3 Ra1 55. e6 Qh1+ 56. Kg3 Rg1+ 57. Kh4 Rg4+ 58. Kh5 Qg1 59. e7 Rxg6 60.
Qxg1 Rxg1 61. e8=Q+ Kh7 62. Qf7 b5 63. Re3 b4 64. Re7 Rg3 65. Qxf5+ 1-0

[Event "XII. DBMM Schach"]
[Site "Berlin"]
[Date "2012.10.11"]
[Round "2.4"]
[White "Schoeppe, Christian"]
[Black "Hein, Andrea"]
[Result "1/2-1/2"]
[WhiteElo "1580"]
[BlackElo "1470"]
[Annotator "rg"]
[PlyCount "58"]
[EventDate "2012.??.??"]
[WhiteTeam "Team DBMM Berlin"]
[BlackTeam "Baubehörde Hamburg 2"]

1. e4 e5 2. Nf3 Nc6 3. Bc4 h6 4. c3 Nf6 5. d3 Bc5 6. b4 Be7 7. b5 Na5 8. Nxe5
O-O 9. Qa4 b6 10. O-O Bd6 11. Nf3 Re8 12. Re1 Nh7 13. e5 Be7 14. Bf4 Bb7 15.
Nbd2 d5 16. Bb3 Bg5 17. Nxg5 Nxg5 18. d4 Ne6 19. Bg3 c5 20. Bc2 cxd4 21. cxd4
Rc8 22. Bd3 Qe7 23. Rac1 Rxc1 24. Rxc1 Rc8 25. Rxc8+ Bxc8 26. f4 Qc7 27. Kf2
Qc3 28. Ke3 Bd7 29. Be1 Qc1 1/2-1/2

[Event "XII. DBMM Schach"]
[Site "Berlin"]
[Date "2012.10.11"]
[Round "2.1"]
[White "Decker, Ingo"]
[Black "Hamann, Martin"]
[Result "0-1"]
[WhiteElo "1741"]
[BlackElo "1891"]
[Annotator "rg"]
[PlyCount "36"]
[EventDate "2012.??.??"]
[WhiteTeam "EADS Airbus Bremen 1"]
[BlackTeam "Bayer Berlin 1"]

1. e4 Nf6 2. e5 Nd5 3. c4 Nb6 4. d4 d6 5. exd6 exd6 6. Nf3 Be7 7. Bd3 O-O 8.
O-O Nc6 9. a3 Bg4 10. Be3 Bf6 11. d5 Ne5 12. Bxb6 axb6 13. Be2 Bxf3 14. gxf3
Ng6 15. Qc2 Be5 16. Qf5 Qh4 17. h3 Nf4 18. Qg4 Nxh3+ 0-1

[Event "XII. DBMM Schach"]
[Site "Berlin"]
[Date "2012.10.11"]
[Round "2.2"]
[White "Lehmann, Lutz"]
[Black "Mikoteit, Siegfried"]
[Result "1/2-1/2"]
[WhiteElo "1802"]
[BlackElo "1402"]
[Annotator "rg"]
[PlyCount "51"]
[EventDate "2012.??.??"]
[WhiteTeam "Bayer Berlin 1"]
[BlackTeam "EADS Airbus Bremen 1"]

1. d4 d5 2. c4 e6 3. g3 c6 4. Bg2 Nf6 5. Nf3 Nbd7 6. O-O Bd6 7. Nbd2 O-O 8. b3
b6 9. Bb2 Bb7 10. Rc1 Rc8 11. Rc2 c5 12. Qa1 cxd4 13. Nxd4 Bc5 14. Rfc1 Bxd4
15. Bxd4 Nc5 16. Nf1 Ne8 17. cxd5 exd5 18. Bxc5 bxc5 19. Rxc5 Rxc5 20. Rxc5 Nf6
21. Qc1 Qb6 22. Rc7 Ne4 23. e3 f5 24. Re7 Rf7 25. Re8+ Rf8 26. Re7 1/2-1/2

[Event "XII. DBMM Schach"]
[Site "Berlin"]
[Date "2012.10.11"]
[Round "2.3"]
[White "Hueners, Rolf"]
[Black "Duric, Rajko"]
[Result "1-0"]
[WhiteElo "1410"]
[BlackElo "1694"]
[Annotator "rg"]
[PlyCount "91"]
[EventDate "2012.??.??"]
[WhiteTeam "EADS Airbus Bremen 1"]
[BlackTeam "Bayer Berlin 1"]

1. d4 d6 2. e3 Nf6 3. h3 Nbd7 4. Nf3 c6 5. c4 e6 6. b3 Be7 7. Bb2 O-O 8. Bd3
Qc7 9. O-O e5 10. Bf5 g6 11. Bxd7 Nxd7 12. Nbd2 f5 13. d5 e4 14. Nd4 Nc5 15.
Nc2 Nd3 16. Ba3 Bf6 17. Rb1 c5 18. b4 b6 19. Qe2 a5 20. bxc5 bxc5 21. Nb3 Ba6
22. Nd2 Bc3 23. Ne1 Bxd2 24. Qxd2 Bxc4 25. f4 Rab8 26. Rxb8 Rxb8 27. Nxd3 Bxd3
28. Rc1 Rb1 29. Bb2 Qb6 30. Rxb1 c4 31. Re1 Qb4 32. Qc3 Qxc3 33. Bxc3 a4 34. a3
Kf7 35. Kf2 Bc2 36. Rg1 h5 37. g4 hxg4 38. hxg4 fxg4 39. Rxg4 Bd1 40. Rh4 Bh5
41. Rh1 Bg4 42. Rh7+ Ke8 43. Rc7 Bd1 44. Rxc4 Bb3 45. Rxe4+ Kd7 46. Re6 1-0

[Event "XII. DBMM Schach"]
[Site "Berlin"]
[Date "2012.10.11"]
[Round "2.4"]
[White "Harre, Michael"]
[Black "Waltz, Juergen"]
[Result "1-0"]
[WhiteElo "1409"]
[BlackElo "1400"]
[Annotator "rg"]
[PlyCount "47"]
[EventDate "2012.??.??"]
[WhiteTeam "Bayer Berlin 1"]
[BlackTeam "EADS Airbus Bremen 1"]

1. d4 d5 2. c4 dxc4 3. Nc3 e6 4. e3 Nf6 5. Bxc4 Nc6 6. a3 Bd6 7. Nf3 O-O 8. O-O
a6 9. Re1 Re8 10. e4 e5 11. Be3 h6 12. h3 exd4 13. Bxd4 Nd7 14. Qb3 Re7 15. Nd5
Nde5 16. Nxe7+ Qxe7 17. Rad1 Nxf3+ 18. Qxf3 Nxd4 19. Rxd4 Be6 20. Bxe6 fxe6 21.
Qe2 e5 22. Qc4+ Kf8 23. Rd3 Qf7 24. Rf3 1-0

[Event "XII. DBMM Schach"]
[Site "Berlin"]
[Date "2012.10.11"]
[Round "2.1"]
[White "Behrendt, Clemens"]
[Black "Wirth, Volker"]
[Result "1-0"]
[WhiteElo "2079"]
[BlackElo "1762"]
[Annotator "rg"]
[PlyCount "51"]
[EventDate "2012.??.??"]
[WhiteTeam "W&W Wüstenrot&Württemb. Stuttg.1"]
[BlackTeam "Sparkassenvers. Stuttgart 2"]

1. Nf3 d5 2. g3 Nf6 3. Bg2 Bf5 4. c4 e6 5. Qb3 Qc8 6. Nc3 dxc4 7. Qxc4 Nbd7 8.
d3 c6 9. e4 Bg4 10. Bf4 Bxf3 11. Bxf3 e5 12. Be3 Bd6 13. Be2 Qc7 14. Rc1 Rc8
15. O-O Qa5 16. f4 exf4 17. gxf4 Bb4 18. Bf3 O-O 19. d4 b5 20. Qb3 c5 21. e5
cxd4 22. Bxd4 Ne8 23. a3 Bxc3 24. Rxc3 Nc7 25. Rfc1 Nb8 26. Bg4 1-0

[Event "XII. DBMM Schach"]
[Site "Berlin"]
[Date "2012.10.11"]
[Round "2.2"]
[White "Brethauer, Tim"]
[Black "Uhlarz, Joerg"]
[Result "0-1"]
[WhiteElo "1619"]
[BlackElo "1780"]
[Annotator "rg"]
[PlyCount "88"]
[EventDate "2012.??.??"]
[WhiteTeam "Sparkassenvers. Stuttgart 2"]
[BlackTeam "W&W Wüstenrot&Württemb. Stuttg.1"]

1. e4 g6 2. d4 Bg7 3. Nf3 e6 4. Bc4 d5 5. exd5 exd5 6. Bb5+ c6 7. Be2 Nf6 8.
O-O O-O 9. Bg5 Qb6 10. b3 Ne4 11. Be3 Bg4 12. Ne5 Be6 13. c4 a5 14. c5 Qc7 15.
Bf4 Qc8 16. f3 Nf6 17. Nc3 Nbd7 18. Na4 Ra7 19. Nxd7 Bxd7 20. Nb6 Qd8 21. Re1
Be6 22. Bd6 Re8 23. Qd2 h5 24. Bd3 Nd7 25. Nxd7 Bxd4+ 26. Kh1 Bxa1 27. Rxa1
Bxd7 28. Qh6 Qf6 29. Rc1 Raa8 30. f4 Qg7 31. Qg5 f6 32. Qxg6 Bg4 33. f5 Qxg6
34. fxg6 Re3 35. Bb1 Rae8 36. Bg3 d4 37. Bf2 Rc3 38. Rxc3 dxc3 39. Bh4 Re2 40.
h3 Be6 41. Bd3 c2 42. Bxc2 Rxc2 43. Bxf6 Rxa2 44. g7 Bxb3 0-1

[Event "XII. DBMM Schach"]
[Site "Berlin"]
[Date "2012.10.11"]
[Round "2.4"]
[White "Fenn-Ries, Ruediger"]
[Black "Krambeer, Bernd"]
[Result "0-1"]
[WhiteElo "1263"]
[BlackElo "1644"]
[Annotator "rg"]
[PlyCount "34"]
[EventDate "2012.??.??"]
[WhiteTeam "Sparkassenvers. Stuttgart 2"]
[BlackTeam "W&W Wüstenrot&Württemb. Stuttg.1"]

1. Nf3 d5 2. g3 Nf6 3. Bg2 Nc6 4. d4 g6 5. Nc3 Bg7 6. O-O Bg4 7. Bf4 a6 8. Qd2
Ne4 9. Nxe4 dxe4 10. Ne5 Nxe5 11. Qa5 Nc6 12. Qa4 Bxe2 13. Rfe1 Bb5 14. Qa3
Nxd4 15. Rad1 Ne2+ 16. Kf1 Nc3+ 17. Kg1 Nxd1 0-1

[Event "XII. DBMM Schach"]
[Site "Berlin"]
[Date "2012.10.11"]
[Round "2.1"]
[White "Vollbrecht, Lars"]
[Black "Gall, Mike"]
[Result "1-0"]
[WhiteElo "1838"]
[BlackElo "1478"]
[Annotator "rg"]
[PlyCount "71"]
[EventDate "2012.??.??"]
[WhiteTeam "Deutsche Telekom Berlin 1"]
[BlackTeam "TT/WiHeil Berlin 1"]

1. e4 e6 2. d4 d5 3. Bd3 c5 4. c3 Nc6 5. Ne2 dxe4 6. Bxe4 Bd7 7. O-O Nf6 8. Bf3
Be7 9. Be3 Qb6 10. Qd2 cxd4 11. Nxd4 Nxd4 12. Bxd4 Bc5 13. Bxc5 Qxc5 14. Bxb7
Rb8 15. Bf3 Bb5 16. Re1 Rd8 17. Qf4 O-O 18. Na3 Bd3 19. Qe3 Qxe3 20. Rxe3 Bg6
21. c4 Rd2 22. b3 Rfd8 23. h3 Bh5 24. g4 Bg6 25. Nb5 Rb2 26. g5 Nh5 27. Re2
Rxe2 28. Bxe2 Nf4 29. Bg4 Rd2 30. h4 Nd3 31. Rd1 Rxd1+ 32. Bxd1 Nb2 33. Be2 a6
34. Nd4 Be4 35. f3 Bd3 36. Kf2 1-0

[Event "XII. DBMM Schach"]
[Site "Berlin"]
[Date "2012.10.11"]
[Round "2.2"]
[White "Lange, Andreas"]
[Black "Piotrowski, Roger"]
[Result "0-1"]
[WhiteElo "1620"]
[BlackElo "1741"]
[Annotator "rg"]
[PlyCount "64"]
[EventDate "2012.??.??"]
[WhiteTeam "TT/WiHeil Berlin 1"]
[BlackTeam "Deutsche Telekom Berlin 1"]

1. f4 Nf6 2. Nf3 c5 3. d3 d5 4. g3 Nc6 5. Bg2 e6 6. O-O Be7 7. c3 O-O 8. e4
dxe4 9. Ne5 Nxe5 10. fxe5 Nd7 11. d4 cxd4 12. cxd4 f5 13. exf6 Bxf6 14. Bxe4
Qb6 15. Be3 Qxb2 16. Qh5 h6 17. Rf2 Qxa1 18. Bxh6 Rf7 19. Be3 Nf8 20. Kg2 Bd7
21. g4 Be8 22. g5 Bxd4 23. Rxf7 Bxf7 24. g6 Be8 25. Bf4 Qxa2+ 26. Kh3 Qb3+ 27.
Kg2 Qb2+ 28. Kh3 Rc8 29. Bd6 Qb3+ 30. Kg2 Nxg6 31. Bxg6 Bxg6 32. Qxg6 Rc2+ 0-1

[Event "XII. DBMM Schach"]
[Site "Berlin"]
[Date "2012.10.11"]
[Round "2.3"]
[White "Norris, Ray"]
[Black "Kaczmarek, Andreas"]
[Result "1-0"]
[WhiteElo "1669"]
[BlackElo "1544"]
[Annotator "rg"]
[PlyCount "63"]
[EventDate "2012.??.??"]
[WhiteTeam "Deutsche Telekom Berlin 1"]
[BlackTeam "TT/WiHeil Berlin 1"]

1. Nf3 e6 2. g3 f5 3. d4 Be7 4. Bg2 Nf6 5. O-O O-O 6. c4 d5 7. Nbd2 Nbd7 8. Qb3
c6 9. Qe3 Ne4 10. Ne1 Ndf6 11. f3 Nxd2 12. Bxd2 dxc4 13. Qc3 Qb6 14. e3 Bd7 15.
Qxc4 Rac8 16. Nd3 c5 17. Qb3 Bb5 18. dxc5 Bxc5 19. Rfe1 Bxd3 20. Qxd3 Rfd8 21.
Qe2 Qxb2 22. Ba5 Qxe2 23. Rxe2 b6 24. Bc3 Kf7 25. Be1 Rd3 26. Bf2 Nd5 27. e4
Nc3 28. Rc2 Rd1+ 29. Rxd1 Bxf2+ 30. Kf1 Be3 31. Rd3 Bc5 32. Rdxc3 1-0

[Event "XII. DBMM Schach"]
[Site "Berlin"]
[Date "2012.10.11"]
[Round "2.4"]
[White "Schulz, Manfred"]
[Black "Kleinwaechter, Manfred"]
[Result "0-1"]
[WhiteElo "1526"]
[BlackElo "1586"]
[Annotator "rg"]
[PlyCount "134"]
[EventDate "2012.??.??"]
[WhiteTeam "TT/WiHeil Berlin 1"]
[BlackTeam "Deutsche Telekom Berlin 1"]

1. d4 Nf6 2. Nf3 d5 3. e3 Bg4 4. h3 Bh5 5. g4 Bg6 6. Ne5 e6 7. h4 h6 8. Nxg6
fxg6 9. Bd3 Kf7 10. h5 gxh5 11. gxh5 Bd6 12. Bg6+ Ke7 13. Nc3 Nbd7 14. Qe2 Nb6
15. Nb5 c6 16. Nxd6 Qxd6 17. b3 Kd7 18. a4 e5 19. Ba3 Qe6 20. Qf3 Kc7 21. Bf5
Qe8 22. Bg6 Qe6 23. O-O-O Nc8 24. Bb2 e4 25. Qf4+ Qd6 26. Qh4 Ne7 27. Rhg1 Nh7
28. Rg2 Ng5 29. Qg3 Qxg3 30. Rxg3 Nxg6 31. hxg6 Rhf8 32. Rf1 Rf6 33. Ba3 Kd7
34. Kd1 Rxg6 35. c4 Re8 36. cxd5 cxd5 37. Ke2 Rc8 38. Rc1 Rxc1 39. Bxc1 Rc6 40.
Kd1 Rf6 41. Ke2 Ke8 42. a5 a6 43. Ba3 Rf5 44. Bd6 Rf3 45. Rg2 Kf7 46. Bf4 Ne6
47. Be5 g5 48. Rh2 Kg6 49. b4 Rf8 50. Rh1 Rc8 51. Kd2 Rc6 52. Rf1 Nd8 53. f3
exf3 54. Rxf3 Nf7 55. Bh2 Rf6 56. Ke2 h5 57. Bc7 g4 58. Rg3 Rc6 59. Bb6 Ng5 60.
Bc5 Ne4 61. Rg1 Rf6 62. Rg2 g3 63. Be7 Rf2+ 64. Rxf2 gxf2 65. Bh4 Kf5 66. Bxf2
Nxf2 67. Kxf2 Ke4 0-1

[Event "XII. DBMM Schach"]
[Site "Berlin"]
[Date "2012.10.11"]
[Round "2.2"]
[White "Aab, Manfred"]
[Black "Cagnoli, Michele"]
[Result "0-1"]
[WhiteElo "1802"]
[BlackElo "1556"]
[Annotator "rg"]
[PlyCount "116"]
[EventDate "2012.??.??"]
[WhiteTeam "SG Stern Stuttgart 2"]
[BlackTeam "Europ. Patentamt MUC 3"]

1. d4 e6 2. e4 d5 3. Nd2 c5 4. c3 dxe4 5. Nxe4 cxd4 6. cxd4 Nc6 7. Nf3 Bb4+ 8.
Bd2 Nge7 9. Bc4 O-O 10. O-O b6 11. Bg5 f6 12. Bh4 Kh8 13. a3 Bd6 14. Nxd6 Qxd6
15. Re1 Nf5 16. Bg3 Nxg3 17. hxg3 Ne7 18. Qb3 Nd5 19. Re2 Bb7 20. Rae1 Rfe8 21.
Re4 a6 22. Qd3 f5 23. Rh4 Qe7 24. Ne5 Kg8 25. Rh3 Rad8 26. g4 Nf4 27. Qg3 Nxh3+
28. gxh3 Qf6 29. g5 Qf8 30. Qf4 g6 31. h4 Qg7 32. Kh2 b5 33. Ba2 Qc7 34. Rc1
Qd6 35. Rd1 Kg7 36. Rd3 Be4 37. Rc3 Re7 38. f3 Bd5 39. Bb1 Rc7 40. Re3 Rdc8 41.
h5 b4 42. hxg6 hxg6 43. Nxg6 Qxf4+ 44. Nxf4 bxa3 45. Rxa3 Rc6 46. Kg3 Bc4 47.
Re3 Rb8 48. d5 exd5 49. Bxf5 d4 50. Re7+ Kf8 51. Rh7 Kg8 52. g6 Rf8 53. Be4
Rcf6 54. g7 R8f7 55. Nh5 Rxf3+ 56. Bxf3 Kxh7 57. Be4+ Kg8 58. Kg4 d3 0-1

[Event "XII. DBMM Schach"]
[Site "Berlin"]
[Date "2012.10.11"]
[Round "2.3"]
[White "Milak, Adela"]
[Black "Ordu, Armin"]
[Result "0-1"]
[WhiteElo "1463"]
[BlackElo "1801"]
[Annotator "rg"]
[PlyCount "82"]
[EventDate "2012.??.??"]
[WhiteTeam "Europ. Patentamt MUC 3"]
[BlackTeam "SG Stern Stuttgart 2"]

1. e4 e5 2. d4 exd4 3. Nf3 Nc6 4. Bb5 Nge7 5. Bg5 f6 6. Bf4 Ng6 7. Bg3 Bb4+ 8.
Nbd2 O-O 9. O-O a6 10. Bc4+ Kh8 11. a3 Bxd2 12. Qxd2 Nce5 13. Be2 c5 14. Ne1 b5
15. Bh5 Bb7 16. Nd3 d6 17. f4 Nc4 18. Qe2 Ne3 19. Bxg6 hxg6 20. b4 Bxe4 21. Rf2
f5 22. bxc5 Rc8 23. Rc1 dxc5 24. Ne5 Kh7 25. Qe1 Qd5 26. Nf3 Ng4 27. Ng5+ Kh8
28. Re2 Ne3 29. Rxe3 dxe3 30. Rd1 Qc4 31. Qxe3 Qxc2 32. Rd2 Qc1+ 33. Be1 Kg8
34. Kf1 Rfe8 35. Qh3 Bd3+ 36. Re2 Bxe2+ 37. Kf2 Bh5 38. Qc3 Qd1 39. Nf3 Qe2+
40. Kg1 Bxf3 41. gxf3 Qxe1+ 0-1

[Event "XII. DBMM Schach"]
[Site "Berlin"]
[Date "2012.10.11"]
[Round "2.1"]
[White "Britze, Jan"]
[Black "Gueldenpfennig, Gavin"]
[Result "1-0"]
[WhiteElo "1742"]
[BlackElo "1306"]
[Annotator "rg"]
[PlyCount "107"]
[EventDate "2012.??.??"]
[WhiteTeam "RBB Berlin 1"]
[BlackTeam "SV Senat Berlin 4"]

1. e4 e5 2. Bc4 Nc6 3. Ne2 Bc5 4. Nbc3 a6 5. O-O d6 6. Kh1 Nf6 7. f3 h5 8. d3
h4 9. Bg5 Rh5 10. Qd2 Nd4 11. Nxd4 Bxd4 12. Rae1 Bxc3 13. bxc3 Be6 14. Bxe6
fxe6 15. f4 Qe7 16. fxe5 dxe5 17. Bxf6 gxf6 18. Qf2 Rh6 19. Rb1 b6 20. a4 Qa3
21. Qe3 Rg6 22. Qh3 Kf7 23. Qxh4 Qxa4 24. Rf2 Qa3 25. Rbf1 Qe7 26. Qh7+ Rg7 27.
Qh5+ Rg6 28. Qxe5 Rag8 29. d4 a5 30. d5 exd5 31. Qxe7+ Kxe7 32. exd5 Rd8 33. c4
a4 34. Re1+ Kf7 35. Rfe2 Rdg8 36. Re7+ Kf8 37. g3 Rg4 38. Rxc7 R8g7 39. Rc8+
Kf7 40. c3 Rg8 41. Rc7+ Kg6 42. d6 Rd8 43. d7 Kf5 44. Re8 Rxd7 45. Rxd7 Rxc4
46. Rd5+ Kg6 47. Rg8+ Kf7 48. Ra8 Rxc3 49. Rxa4 Rb3 50. Kg2 b5 51. Ra6 Rb2+ 52.
Kh3 b4 53. Rb5 Rb1 54. Rab6 1-0

[Event "XII. DBMM Schach"]
[Site "Berlin"]
[Date "2012.10.11"]
[Round "2.2"]
[White "Weihrich, Joerg"]
[Black "Schastok, Erwin"]
[Result "0-1"]
[WhiteElo "1552"]
[BlackElo "1667"]
[Annotator "rg"]
[PlyCount "46"]
[EventDate "2012.??.??"]
[WhiteTeam "SV Senat Berlin 4"]
[BlackTeam "RBB Berlin 1"]

1. e4 e6 2. d4 d5 3. exd5 exd5 4. Bf4 Bb4+ 5. c3 Ba5 6. Nf3 Bg4 7. h3 Bh5 8.
Be2 Ne7 9. O-O O-O 10. Qc2 Bg6 11. Bd3 f5 12. Re1 c6 13. Nbd2 Nd7 14. Ne5 Nxe5
15. Rxe5 Bc7 16. Nf3 Bh5 17. Ng5 Ng6 18. Ne6 Qe7 19. Nxc7 Qxc7 20. Rxf5 Nxf4
21. Rxf8+ Kxf8 22. Bxh7 g6 23. Bxg6 Bxg6 0-1

[Event "XII. DBMM Schach"]
[Site "Berlin"]
[Date "2012.10.11"]
[Round "2.3"]
[White "Kersten, Martin"]
[Black "Rehberg, Thomas"]
[Result "1-0"]
[WhiteElo "1760"]
[BlackElo "919"]
[Annotator "rg"]
[PlyCount "45"]
[EventDate "2012.??.??"]
[WhiteTeam "RBB Berlin 1"]
[BlackTeam "SV Senat Berlin 4"]

1. e4 e5 2. Nf3 Nc6 3. Bb5 a6 4. Ba4 d6 5. c3 Nf6 6. Bc2 Bg4 7. d3 Be7 8. Nbd2
Qd7 9. a4 O-O 10. h3 Bh5 11. Nf1 h6 12. Ng3 Rae8 13. Nxh5 Nxh5 14. Nxe5 dxe5
15. Qxh5 Bf6 16. O-O Ne7 17. f4 Qd6 18. d4 Nc8 19. fxe5 Bxe5 20. dxe5 Rxe5 21.
Qg4 Qg6 22. Qxg6 fxg6 23. Bb3+ 1-0

[Event "XII. DBMM Schach"]
[Site "Berlin"]
[Date "2012.10.11"]
[Round "2.4"]
[White "Tschirschwitz, Stephan"]
[Black "Saloga, Juergen"]
[Result "1/2-1/2"]
[WhiteElo "1412"]
[BlackElo "1695"]
[Annotator "rg"]
[PlyCount "53"]
[EventDate "2012.??.??"]
[WhiteTeam "SV Senat Berlin 4"]
[BlackTeam "RBB Berlin 1"]

1. d4 d5 2. Nf3 Nf6 3. e3 Bg4 4. Be2 e6 5. h3 Bh5 6. Ne5 Bxe2 7. Qxe2 a6 8. O-O
Bd6 9. a4 Nbd7 10. Nxd7 Qxd7 11. c4 c6 12. b3 O-O 13. Bb2 Rac8 14. c5 Bb8 15.
a5 Qc7 16. f4 Ne4 17. Rf3 f5 18. Nd2 Rf6 19. Nxe4 fxe4 20. Rff1 Rcf8 21. g4 g5
22. Bc1 Qg7 23. Qh2 gxf4 24. exf4 Bxf4 25. Bxf4 Rxf4 26. Qd2 Rf3 27. Kg2
1/2-1/2